| 000 | 00716nam a2200217 a 4500 | ||
|---|---|---|---|
| 999 |
_c3781 _d3781 |
||
| 001 | 3781 | ||
| 003 | BD-JhCC | ||
| 005 | 20171126082554.0 | ||
| 008 | 171118s1969 bg |||| ||a| 00| 0 en d | ||
| 035 | _a(BD-JhCC)3781 | ||
| 040 |
_aBD-JhCC _dBD-JhCC |
||
| 041 | _aben | ||
| 082 |
_a891.4409 _bJAH 1969 |
||
| 100 | _cজাহাঙ্গীর, খান বোরহানউদ্দিন | ||
| 245 |
_aস্বদেশ ও সাহিত্য / _cবোরহানউদ্দিন খান জাহাঙ্গীর |
||
| 260 |
_aঢাকা : _bবাংলা একাডেমী, _c1969. |
||
| 300 |
_a130 p. : _c21 cm. |
||
| 650 | _aCollection of essays | ||
| 942 |
_2ddc _cBK |
||